Normal view
MARC view
- Méndez Fernández, Ana Raquel
Entry Nombre Personal
001 - NUMERO DE CONTROL
- campo de control: 35583
003 - IDENTIFICADOR DE NUMERO DE CONTROL
- campo de control: UPN
005 - FECHA Y HORA DE LA ÜLTIMA TRANSACCIÓN
- campo de control: 20210219194505.0
008 - DATOS DE LONGITUD FIJA
- campo de control de longitud fija: nabaccnnaabn|||||||||| b |nc|||||d
035 ## - NUMERO DE CONTROL
- Número de control: UPN11000007690
040 ## - FUENTE DE CATALOGACIÓN
- Lenguaje de catalogación: SPA
- Agencia de transcripción: UPN
100 1# - ENCABEZAMIENTO - NOMBRE PERSONAL
- Nombre personal: Méndez Fernández, Ana Raquel
670 ## - FUENTE EN LA QUE SE LOCALIZARON DATOS
- Cita de la fuente: T
- Uniform Resource Identifier: http://libreria.theclinic.cl/el-hombrecito-de-mazapan-ana-raquel-mendez-fernandez-elia-manero-de-la-cruz-kalandraka-editora-s-l/p/7ysqjn2
680 ## - NOTA PUBLICA DE ACCESO PÚBLICO
- Frase explicativa de la referencia: Escritora española
902 ## - CATALOGADOR
- Catalogador: MMA/120814
